[Event "Mittelfranken-chTB1 1819"]
[Site "Mittelfranken"]
[Date "2019.03.03"]
[Round "6.1"]
[White "Sarec, Ivica"]
[Black "Leis, Stefan"]
[Result "1-0"]
[WhiteElo "2041"]
[BlackElo "1936"]
[PlyCount "45"]
[EventDate "2018.10.14"]
[EventType "team-tourn"]
[EventRounds "9"]
[EventCountry "GER"]
[SourceTitle "EXT 2022"]
[Source "ChessBase"]
[SourceDate "2021.10.06"]
[SourceVersion "1"]
[SourceVersionDate "2021.10.06"]
[SourceQuality "1"]
[WhiteTeam "Herzogenaurach II"]
[BlackTeam "Muehlhof/Schwabach"]
[WhiteTeamCountry "GER"]
[BlackTeamCountry "GER"]

1. c4 e6 2. g3 Nf6 3. Nf3 d5 4. Bg2 Be7 5. 0-0 0-0 6. d4 dxc4 7. Qc2 a6 8. Qxc4 b5 9. Qc2 Bb7 10. Nc3 Nbd7 11. Rd1 Qc8 12. Bf4 c5 13. dxc5 Qxc5 14. Be3 Qc7 15. Rac1 Rac8 16. Qd2 Qb8 17. h3 Rfd8 18. Qe1 h6 19. Bd2 Ba8 20. Nb1 Bc5 21. e3 Bb6 22. Bb4 Nc5 23. Rxd8+ 1-0

[Event "Mittelfranken-ch HT 67th"]
[Site "Nuremberg"]
[Date "2018.03.30"]
[Round "8"]
[White "Leis, Stefan"]
[Black "Hirn, Erwin"]
[Result "1-0"]
[WhiteElo "1966"]
[BlackElo "2101"]
[PlyCount "77"]
[EventDate "2018.03.27"]
[EventType "swiss"]
[EventRounds "9"]
[EventCountry "GER"]
[SourceTitle "EXT 2020"]
[Source "ChessBase"]
[SourceDate "2019.10.17"]
[SourceVersion "1"]
[SourceVersionDate "2019.10.17"]
[SourceQuality "1"]

1. d4 Nf6 2. Nf3 d5 3. c4 e6 4. g3 c5 5. cxd5 Nxd5 6. e4 Nf6 7. Nc3 cxd4 8. Nxd4 Nc6 9. Bb5 Bd7 10. Nxc6 bxc6 11. Be2 Bb4 12. Qc2 e5 13. 0-0 h6 14. a3 Ba5 15. b4 Bc7 16. Na4 Bb6 17. Nxb6 axb6 18. f3 0-0 19. Be3 Qc7 20. a4 Rfd8 21. Qc3 Rdc8 22. a5 b5 23. Rfc1 Qb8 24. Bc5 Ne8 25. Rd1 Be6 26. Rd2 f6 27. Rad1 Qb7 28. f4 exf4 29. gxf4 Qf7 30. f5 Bc4 31. Rd7 Bxe2 32. Rxf7 Kxf7 33. Rd7+ Kg8 34. Bb6 Bc4 35. Kf2 Bf7 36. Qc5 Bc4 37. Qe7 Bb3 38. e5 fxe5 39. f6 1-0

[Event "Mittelfranken-chTB1 1718"]
[Site "Mittelfranken"]
[Date "2018.02.18"]
[Round "5.2"]
[White "Fiedler, Lars"]
[Black "Leis, Stefan"]
[Result "0-1"]
[WhiteElo "1994"]
[BlackElo "1940"]
[PlyCount "98"]
[EventDate "2017.10.08"]
[EventType "team-tourn"]
[EventRounds "9"]
[EventCountry "GER"]
[SourceTitle "EXT 2022"]
[Source "ChessBase"]
[SourceDate "2021.10.06"]
[SourceVersion "1"]
[SourceVersionDate "2021.10.06"]
[SourceQuality "1"]
[WhiteTeam "Lauf SV"]
[BlackTeam "Muehlhof/Schwabach"]
[WhiteTeamCountry "GER"]
[BlackTeamCountry "GER"]

1. e4 e5 2. Nf3 Nc6 3. Bc4 Bc5 4. c3 Nf6 5. d4 exd4 6. cxd4 Bb4+ 7. Nc3 Nxe4 8. 0-0 Bxc3 9. d5 Bf6 10. Re1 Ne7 11. Rxe4 d6 12. Bg5 Bxg5 13. Nxg5 h6 14. Qe2 hxg5 15. Re1 Be6 16. dxe6 f6 17. Re3 Kf8 18. Bd3 d5 19. Bg6 Qd6 20. g3 Rd8 21. Bf7 g6 22. Bxg6 d4 23. Rf3 Kg7 24. Bd3 Rh6 25. Qe4 Rdh8 26. Qxb7 Rxh2 27. Kf1 Rh1+ 28. Ke2 Rxe1+ 29. Kxe1 Qxe6+ 30. Kd2 Qb6 31. Be4 Qc5 32. Rb3 Rh2 33. Ke2 d3+ 34. Kxd3 Rxf2 35. Rc3 Qd6+ 36. Kc4 Rd2 37. Kb3 Qe6+ 38. Rc4 f5 39. Bb1 Nd5 40. Qxa7 Qe5 41. Bc2 Qxg3+ 42. Rc3 Nxc3 43. bxc3 Rd5 44. Qb7 Qd6 45. c4 Ra5 46. a4 Qb6+ 47. Qxb6 cxb6 48. Kb4 Kf6 49. c5 Rxc5 0-1

[Event "Mittelfranken-chTB1 1718"]
[Site "Mittelfranken"]
[Date "2017.10.08"]
[Round "1.2"]
[White "Leis, Stefan"]
[Black "Petzold, Vinzenz"]
[Result "1-0"]
[WhiteElo "1940"]
[BlackElo "1954"]
[PlyCount "37"]
[EventDate "2017.10.08"]
[EventType "team-tourn"]
[EventRounds "9"]
[EventCountry "GER"]
[SourceTitle "EXT 2022"]
[Source "ChessBase"]
[SourceDate "2021.10.06"]
[SourceVersion "1"]
[SourceVersionDate "2021.10.06"]
[SourceQuality "1"]
[WhiteTeam "Muehlhof/Schwabach"]
[BlackTeam "Nuernberg Zabo Eintracht"]
[WhiteTeamCountry "GER"]
[BlackTeamCountry "GER"]

1. e4 c5 2. Nf3 d6 3. d4 cxd4 4. Nxd4 Nf6 5. Nc3 a6 6. Be2 e5 7. Nb3 Be6 8. 0-0 Be7 9. f4 exf4 10. Bxf4 d5 11. e5 Ne4 12. Kh1 Nxc3 13. bxc3 Nc6 14. Bd3 Qc7 15. Qe1 h5 16. Nd4 Nxd4 17. cxd4 b5 18. a4 0-0 19. Qe2 1-0

[Event "Nuremberg Zabo op 19th"]
[Site "Nuremberg"]
[Date "2017.09.17"]
[Round "4"]
[White "Volkovski, Reinhold"]
[Black "Leis, Stefan"]
[Result "1/2-1/2"]
[WhiteElo "1815"]
[BlackElo "1932"]
[PlyCount "117"]
[EventDate "2017.09.15"]
[EventType "swiss"]
[EventRounds "5"]
[EventCountry "GER"]
[SourceTitle "EXT 2022"]
[Source "ChessBase"]
[SourceDate "2021.10.06"]
[SourceVersion "1"]
[SourceVersionDate "2021.10.06"]
[SourceQuality "1"]

1. e4 c5 2. Nf3 e6 3. d3 d5 4. Nbd2 Nf6 5. c3 Be7 6. g3 b6 7. Qc2 0-0 8. Bg2 dxe4 9. dxe4 Ba6 10. Bf1 Qc8 11. Qa4 Qb7 12. Bxa6 Nxa6 13. 0-0 b5 14. Qc2 c4 15. Re1 Nc5 16. Kg2 Nd3 17. Re2 Rfd8 18. Ne1 Rac8 19. f3 Nh5 20. Nf1 f5 21. exf5 exf5 22. Bd2 Bf6 23. Rd1 b4 24. Nxd3 b3 25. Qb1 bxa2 26. Qxa2 Rxd3 27. Re3 Qd5 28. Rxd3 Qxd3 29. Re1 g5 30. Qa6 Rd8 31. Qe6+ Kg7 32. Qe2 Rd7 33. Qxd3 cxd3 34. Kf2 Bd8 35. Rd1 f4 36. Re1 Bb6+ 37. Kg2 Kf6 38. Re4 Rd5 39. c4 Rd7 40. Bc3+ Kf7 41. b4 Nf6 42. Re5 Be3 43. Bd2 Rd4 44. Nxe3 fxe3 45. Rxe3 g4 46. h3 h5 47. hxg4 hxg4 48. Kf2 Rxc4 49. Rxd3 Ke6 50. Rc3 Rd4 51. Rc6+ Kd5 52. Rc5+ Ke6 53. Bc3 Rd6 54. Bxf6 Kxf6 55. fxg4 Rd4 56. Rf5+ Kg6 57. Rf4 Rd3 58. b5 Rb3 59. Ra4 1/2-1/2

[Event "Mittelfranken-chTB1 1617"]
[Site "Mittelfranken"]
[Date "2017.05.14"]
[Round "9.3"]
[White "Diller, Peter"]
[Black "Leis, Stefan"]
[Result "0-1"]
[WhiteElo "1903"]
[BlackElo "1932"]
[PlyCount "126"]
[EventDate "2016.10.23"]
[EventType "team-tourn"]
[EventRounds "9"]
[EventCountry "GER"]
[SourceTitle "EXT 2022"]
[Source "ChessBase"]
[SourceDate "2021.10.06"]
[SourceVersion "1"]
[SourceVersionDate "2021.10.06"]
[SourceQuality "1"]
[WhiteTeam "Rothenburg"]
[BlackTeam "Muehlhof/Schwabach"]
[WhiteTeamCountry "GER"]
[BlackTeamCountry "GER"]

1. e4 c5 2. f4 d5 3. e5 Nh6 4. Nf3 Bg4 5. c3 Nc6 6. Bd3 e6 7. 0-0 Be7 8. Bc2 0-0 9. h3 Bxf3 10. Qxf3 f6 11. exf6 Bxf6 12. d3 Qb6 13. Nd2 Rad8 14. Qf2 e5 15. Nb3 Be7 16. Be3 d4 17. Bd2 exf4 18. cxd4 cxd4 19. Bxf4 Bd6 20. Qh4 Nf5 21. Qg4 Bxf4 22. Rxf4 Ne3 23. Qe6+ Kh8 24. Rxf8+ Rxf8 25. Rc1 Qd8 26. Nd2 Nxg2 27. Ne4 Ne3 28. Ba4 Qh4 29. Qd6 Rd8 30. Qg3 Qh5 31. Qg5 Qe8 32. Bxc6 bxc6 33. Rxc6 Rc8 34. Rxc8 Qxc8 35. Qc5 Qe8 36. Qxd4 Nf5 37. Qxa7 Qg6+ 38. Kf1 h6 39. Qf2 Qh5 40. Kg2 Nh4+ 41. Kg3 Ng6 42. b4 Qe5+ 43. Kf3 Qf5+ 44. Kg2 Nf4+ 45. Kg3 Nh5+ 46. Kh2 Qe5+ 47. Kh1 Nf4 48. Qf1 g5 49. a4 Qd4 50. h4 Qxb4 51. hxg5 hxg5 52. Nxg5 Qf8 53. Ne4 Qh6+ 54. Kg1 Qh4 55. Qa1+ Kh7 56. Qd1 Kg6 57. Qd2 Kf5 58. a5 Qg4+ 59. Kf1 Qf3+ 60. Kg1 Kg4 61. a6 Ne2+ 62. Qxe2 Qxe2 63. a7 Qe3+ 0-1

[Event "Mittelfranken Mitte-ch"]
[Site "Nuremberg"]
[Date "2017.01.07"]
[Round "4"]
[White "Leis, Stefan"]
[Black "Dyroff, Roland"]
[Result "1-0"]
[WhiteElo "1967"]
[BlackElo "1806"]
[PlyCount "67"]
[EventDate "2017.01.05"]
[EventType "swiss"]
[EventRounds "7"]
[EventCountry "GER"]
[SourceTitle "EXT 2018"]
[Source "ChessBase"]
[SourceDate "2017.10.13"]
[SourceVersion "1"]
[SourceVersionDate "2017.10.13"]
[SourceQuality "1"]

1. e4 c5 2. Nf3 Nc6 3. Bb5 g6 4. Bxc6 bxc6 5. 0-0 Nf6 6. e5 Nd5 7. c4 Nc7 8. d4 cxd4 9. Qxd4 Bg7 10. Re1 Bb7 11. Qh4 c5 12. Nbd2 Ne6 13. Ne4 h6 14. Bd2 Qc7 15. Rad1 Bxe4 16. Qxe4 0-0-0 17. Re3 Qc6 18. Ba5 Qxe4 19. Rxe4 Rde8 20. Re3 Nd4 21. Nxd4 cxd4 22. Rxd4 d6 23. f4 g5 24. g3 Rhg8 25. Kf1 gxf4 26. gxf4 h5 27. Rd5 dxe5 28. fxe5 Bh6 29. Rf3 Rg4 30. c5 Reg8 31. Ke2 Ra4 32. c6 Rxa2 33. Rb3 e6 34. Rdb5 1-0

[Event "Mittelfranken Mitte-ch"]
[Site "Nuremberg"]
[Date "2017.01.07"]
[Round "5"]
[White "Suess, Helmut"]
[Black "Leis, Stefan"]
[Result "0-1"]
[WhiteElo "1921"]
[BlackElo "1967"]
[PlyCount "108"]
[EventDate "2017.01.05"]
[EventType "swiss"]
[EventRounds "7"]
[EventCountry "GER"]
[SourceTitle "EXT 2018"]
[Source "ChessBase"]
[SourceDate "2017.10.13"]
[SourceVersion "1"]
[SourceVersionDate "2017.10.13"]
[SourceQuality "1"]

1. Nf3 d5 2. d4 Nf6 3. c4 e6 4. Nc3 dxc4 5. Qa4+ c6 6. Qxc4 b5 7. Qd3 a5 8. Bg5 Nbd7 9. e4 b4 10. Bxf6 Qxf6 11. e5 Qg6 12. Qxg6 hxg6 13. Ne4 c5 14. Bb5 cxd4 15. 0-0-0 Bb7 16. Bxd7+ Kxd7 17. Rxd4+ Kc7 18. Rhd1 Bd5 19. Kb1 Be7 20. Rc1+ Kb6 21. h3 Rac8 22. Rxc8 Rxc8 23. Nfd2 f6 24. exf6 gxf6 25. f3 f5 26. Ng3 Bf6 27. Rd3 Rd8 28. b3 Bh4 29. Nc4+ Ka6 30. f4 Bxg2 31. Rxd8 Bxd8 32. Ne5 Bxh3 33. Nxg6 Bg2 34. Nf8 Bd5 35. Ne2 Be7 36. Nd7 Be4+ 37. Kc1 Bd6 38. Ne5 Bc5 39. Kd2 Kb5 40. Nd3 Ba7 41. Nec1 Bd4 42. Ne2 Ba1 43. Ng3 Bd5 44. Ne2 a4 45. Ndc1 a3 46. Nd3 Be4 47. Ng3 Bc3+ 48. Ke3 Bd5 49. Nc1 Bb2 50. Nge2 Kb6 51. Kd3 Kc5 52. Kd2 Bxc1+ 53. Kxc1 Bf3 54. Ng1 Bg4 0-1

[Event "Nuremberg Zabo op 18th"]
[Site "Nuremberg"]
[Date "2016.09.17"]
[Round "2"]
[White "Leis, Stefan"]
[Black "Schnepp, Gunnar"]
[Result "0-1"]
[WhiteElo "1912"]
[BlackElo "2303"]
[PlyCount "86"]
[EventDate "2016.09.16"]
[EventType "swiss"]
[EventRounds "5"]
[EventCountry "GER"]
[SourceTitle "EXT 2018"]
[Source "ChessBase"]
[SourceDate "2017.10.13"]
[SourceVersion "1"]
[SourceVersionDate "2017.10.13"]
[SourceQuality "1"]

1. e4 c5 2. Nf3 d6 3. b3 Nf6 4. Bb5+ Nbd7 5. Qe2 a6 6. Bxd7+ Qxd7 7. c4 Qg4 8. 0-0 Qxe4 9. Qxe4 Nxe4 10. Re1 Nf6 11. d4 Bg4 12. d5 Bxf3 13. gxf3 g6 14. Bf4 Bg7 15. Nc3 Nh5 16. Bd2 Be5 17. Rab1 Nf4 18. Bxf4 Bxf4 19. Re2 Be5 20. Ne4 Rc8 21. b4 cxb4 22. Rxb4 Rc7 23. Re3 Kd7 24. Reb3 Kc8 25. Kg2 h6 26. Ng3 Bd4 27. Ne2 Bc5 28. Ra4 Re8 29. Nf4 e5 30. dxe6 fxe6 31. h4 g5 32. hxg5 hxg5 33. Ne2 Rf7 34. Ng3 g4 35. fxg4 Rxf2+ 36. Kh3 Rh8+ 37. Nh5 Kc7 38. Kg3 Rf1 39. Rb2 Kc6 40. Re2 Rh6 41. Kh4 Rg6 42. Ng3 Rf4 43. Kh3 Rgxg4 0-1

[Event "Nuremberg Zabo op 18th"]
[Site "Nuremberg"]
[Date "2016.09.16"]
[Round "1"]
[White "Hoffmann, Winfried"]
[Black "Leis, Stefan"]
[Result "0-1"]
[WhiteElo "1444"]
[BlackElo "1912"]
[PlyCount "48"]
[EventDate "2016.09.16"]
[EventType "swiss"]
[EventRounds "5"]
[EventCountry "GER"]
[SourceTitle "EXT 2018"]
[Source "ChessBase"]
[SourceDate "2017.10.13"]
[SourceVersion "1"]
[SourceVersionDate "2017.10.13"]
[SourceQuality "1"]

1. e4 e6 2. d4 d5 3. e5 c5 4. c3 Nh6 5. Bd3 f6 6. h3 Nf7 7. Bf4 cxd4 8. cxd4 g5 9. Bg3 f5 10. Nf3 Nc6 11. 0-0 Bd7 12. a3 Qb6 13. Qd2 Be7 14. Be2 h5 15. Rc1 h4 16. Bh2 g4 17. hxg4 fxg4 18. Ne1 g3 19. fxg3 Bg5 20. Rxc6 Bxc6 21. Qc3 Rc8 22. Nd3 Be3+ 23. Kf1 hxg3 24. Bg1 Rh1 0-1

[Event "Mittelfranken-ch HT"]
[Site "Nuremberg"]
[Date "2016.03.24"]
[Round "6"]
[White "Sattler, Stefan"]
[Black "Leis, Stefan"]
[Result "1/2-1/2"]
[WhiteElo "2087"]
[BlackElo "1970"]
[PlyCount "87"]
[EventDate "2016.03.22"]
[EventType "swiss"]
[EventRounds "9"]
[EventCountry "GER"]
[SourceTitle "EXT 2018"]
[Source "ChessBase"]
[SourceDate "2017.10.13"]
[SourceVersion "1"]
[SourceVersionDate "2017.10.13"]
[SourceQuality "1"]

1. e4 e6 2. d4 d5 3. Nc3 Bb4 4. exd5 exd5 5. Bd3 Nc6 6. Be3 Be6 7. a3 Bxc3+ 8. bxc3 Nge7 9. Nf3 Qd7 10. Qe2 Qd6 11. Ng5 0-0-0 12. a4 Rde8 13. 0-0 h6 14. Nxe6 fxe6 15. a5 Nf5 16. Qg4 Qd7 17. Rfb1 Nd6 18. Bf4 e5 19. Qxd7+ Kxd7 20. Be3 e4 21. Be2 Ne7 22. Bg4+ Kc6 23. Rb4 Rhf8 24. Be2 Nef5 25. c4 Nxe3 26. fxe3 dxc4 27. Bxc4 Re7 28. Bb3 Kd7 29. Rf1 Rxf1+ 30. Kxf1 Re8 31. Ke2 Rf8 32. c4 c6 33. Bc2 Re8 34. Ba4 Kc7 35. c5 Nf7 36. Rb1 Re7 37. Rf1 Ng5 38. Rf4 Nh7 39. Bc2 Nf6 40. g4 b6 41. axb6+ axb6 42. cxb6+ Kxb6 43. Kd2 c5 44. dxc5+ 1/2-1/2

[Event "Mittelfranken-ch HT"]
[Site "Nuremberg"]
[Date "2016.03.23"]
[Round "3"]
[White "Suess, Stefan"]
[Black "Leis, Stefan"]
[Result "1/2-1/2"]
[WhiteElo "2023"]
[BlackElo "1970"]
[PlyCount "99"]
[EventDate "2016.03.22"]
[EventType "swiss"]
[EventRounds "9"]
[EventCountry "GER"]
[SourceTitle "EXT 2018"]
[Source "ChessBase"]
[SourceDate "2017.10.13"]
[SourceVersion "1"]
[SourceVersionDate "2017.10.13"]
[SourceQuality "1"]

1. Nf3 Nf6 2. c4 c6 3. b3 d5 4. e3 Bg4 5. Be2 e6 6. 0-0 Nbd7 7. Bb2 Be7 8. Qc2 0-0 9. d3 Bh5 10. Nh4 Bxe2 11. Qxe2 Ne8 12. Nf3 Bf6 13. d4 Nd6 14. Nbd2 Re8 15. Ne5 c5 16. Ng4 Rc8 17. Nxf6+ Qxf6 18. Rac1 b6 19. Nf3 Qf5 20. cxd5 Qxd5 21. Rfd1 c4 22. Ne5 c3 23. Bxc3 Ne4 24. Bb2 f6 25. Nxd7 Qxd7 26. Qd3 Qb7 27. f3 Ng5 28. e4 Nf7 29. Ba3 Red8 30. Rc4 Ne5 31. Rxc8 Nxd3 32. Rxd8+ Kf7 33. Rxd3 Qa6 34. Rd2 Qxa3 35. Rc8 Qb4 36. Rcc2 Ke7 37. Kf2 g5 38. Ke3 f5 39. exf5 exf5 40. Rc7+ Kd6 41. Rxh7 f4+ 42. Ke2 a5 43. Rh6+ Kd7 44. d5 a4 45. d6 Qb5+ 46. Kd1 axb3 47. axb3 Qxb3+ 48. Ke1 Qe3+ 49. Re2 Qg1+ 50. Kd2 1/2-1/2

[Event "Mittelfranken-ch HT"]
[Site "Nuremberg"]
[Date "2016.03.22"]
[Round "1"]
[White "Wagner, Florian"]
[Black "Leis, Stefan"]
[Result "1-0"]
[WhiteElo "2137"]
[BlackElo "1970"]
[PlyCount "39"]
[EventDate "2016.03.22"]
[EventType "swiss"]
[EventRounds "9"]
[EventCountry "GER"]
[SourceTitle "EXT 2018"]
[Source "ChessBase"]
[SourceDate "2017.10.13"]
[SourceVersion "1"]
[SourceVersionDate "2017.10.13"]
[SourceQuality "1"]

1. e4 e6 2. d4 d5 3. Nd2 Nf6 4. e5 Nfd7 5. Bd3 c5 6. c3 Nc6 7. Ngf3 h6 8. 0-0 g5 9. h3 h5 10. g4 hxg4 11. hxg4 f5 12. Re1 Qe7 13. Nf1 f4 14. b4 Qg7 15. bxc5 Qh6 16. N1h2 Bxc5 17. dxc5 Ndxe5 18. Kf1 Nd7 19. Bb5 Nxc5 20. Qxd5 1-0

[Event "Mittelfranken Mitte-ch"]
[Site "Zirndorf"]
[Date "2016.01.06"]
[Round "6"]
[White "Meulner, Fabian"]
[Black "Leis, Stefan"]
[Result "1/2-1/2"]
[WhiteElo "1765"]
[BlackElo "1878"]
[PlyCount "48"]
[EventDate "2016.01.03"]
[EventType "swiss"]
[EventRounds "7"]
[EventCountry "GER"]
[SourceTitle "EXT 2018"]
[Source "ChessBase"]
[SourceDate "2017.10.13"]
[SourceVersion "1"]
[SourceVersionDate "2017.10.13"]
[SourceQuality "1"]

1. e4 e6 2. d4 d5 3. Nd2 h6 4. Ngf3 Nf6 5. Bd3 dxe4 6. Nxe4 Nxe4 7. Bxe4 c5 8. c3 cxd4 9. cxd4 Bb4+ 10. Bd2 Bxd2+ 11. Qxd2 0-0 12. 0-0 Nd7 13. Rac1 Nf6 14. Bb1 b6 15. Ne5 Bb7 16. Rc3 Qd5 17. Rg3 Kh8 18. Rg6 Ng8 19. Qd3 f5 20. Qg3 Nf6 21. Qh4 Kh7 22. Qg3 Kh8 23. Qh4 Kh7 24. Qg3 Kh8 1/2-1/2

[Event "Mittelfranken Mitte-ch"]
[Site "Zirndorf"]
[Date "2016.01.04"]
[Round "5"]
[White "Leis, Stefan"]
[Black "Effenberg, Michael"]
[Result "1/2-1/2"]
[WhiteElo "1878"]
[BlackElo "1673"]
[PlyCount "72"]
[EventDate "2016.01.03"]
[EventType "swiss"]
[EventRounds "7"]
[EventCountry "GER"]
[SourceTitle "EXT 2018"]
[Source "ChessBase"]
[SourceDate "2017.10.13"]
[SourceVersion "1"]
[SourceVersionDate "2017.10.13"]
[SourceQuality "1"]

1. d4 d5 2. e4 dxe4 3. Nc3 Nf6 4. f3 exf3 5. Nxf3 e6 6. Bg5 Be7 7. Bd3 Nd5 8. Nxd5 exd5 9. Qe2 Be6 10. h4 h6 11. Bd2 Nc6 12. 0-0-0 Bg4 13. Qf2 Qd6 14. Rde1 0-0-0 15. Ne5 Nxe5 16. dxe5 Qc5 17. Bf5+ Bxf5 18. Qxf5+ Rd7 19. Qg4 Qc4 20. Qxg7 Qxa2 21. Qxh8+ Rd8 22. Qxd8+ Kxd8 23. Bc3 Qa4 24. Rd1 c6 25. Kb1 Qg4 26. Rhf1 Bxh4 27. Rd4 Qxg2 28. Rdf4 Be7 29. Rxf7 h5 30. Bd4 h4 31. Rg1 Qe4 32. Rg8+ Kd7 33. Rgg7 Qe1+ 34. Ka2 Qa5+ 35. Kb3 Qb5+ 36. Ka2 Qa5+ 1/2-1/2

[Event "Pyramiden Franken Cup"]
[Site "Fuerth"]
[Date "2015.09.04"]
[Round "3"]
[White "Naumann, Thomas"]
[Black "Leis, Stefan"]
[Result "1/2-1/2"]
[WhiteElo "1760"]
[BlackElo "1998"]
[PlyCount "60"]
[EventDate "2015.09.03"]
[EventType "swiss"]
[EventRounds "7"]
[EventCountry "GER"]
[SourceTitle "EXT 2016"]
[Source "ChessBase"]
[SourceDate "2015.10.08"]
[SourceVersion "1"]
[SourceVersionDate "2015.10.08"]
[SourceQuality "1"]

1. d4 Nf6 2. c4 e6 3. Nc3 c5 4. e3 d5 5. Nf3 Nc6 6. Be2 cxd4 7. exd4 Bd6 8. 0-0 h6 9. b3 0-0 10. Bb2 Ne4 11. cxd5 Nxc3 12. Bxc3 exd5 13. Qc2 Qf6 14. h3 Bf5 15. Qd2 Rfe8 16. Rae1 Bd7 17. Bd1 Bf4 18. Qb2 a5 19. Rxe8+ Rxe8 20. Re1 Rxe1+ 21. Nxe1 Bc7 22. Nf3 b5 23. Qe2 b4 24. Bb2 Na7 25. Ne5 Bb5 26. Qf3 Qe7 27. Qxd5 Bc6 28. Qc4 Bb5 29. Qd5 Bc6 30. Qc4 Bb5 1/2-1/2

[Event "Pyramiden Franken Cup"]
[Site "Fuerth"]
[Date "2015.09.03"]
[Round "1"]
[White "Promyshlyanskiy, Vitaliy"]
[Black "Leis, Stefan"]
[Result "1-0"]
[WhiteElo "2236"]
[BlackElo "1998"]
[PlyCount "75"]
[EventDate "2015.09.03"]
[EventType "swiss"]
[EventRounds "7"]
[EventCountry "GER"]
[SourceTitle "EXT 2016"]
[Source "ChessBase"]
[SourceDate "2015.10.08"]
[SourceVersion "1"]
[SourceVersionDate "2015.10.08"]
[SourceQuality "1"]

1. e4 c5 2. Nc3 Nc6 3. Bb5 e6 4. Bxc6 bxc6 5. d3 d5 6. Qe2 Be7 7. Bd2 Nf6 8. f4 Rb8 9. b3 c4 10. dxc4 dxe4 11. Nxe4 0-0 12. Nf3 Qb6 13. Nc3 Rd8 14. Na4 Rxd2 15. Qxd2 Qc7 16. 0-0 Bb7 17. Ne5 Rd8 18. Qe3 c5 19. Nc3 a6 20. Rad1 Rd4 21. Kh1 Rxd1 22. Rxd1 h5 23. h3 Bd6 24. Qd3 Bxe5 25. Qd8+ Kh7 26. Qd3+ Kg8 27. fxe5 Qxe5 28. Qd6 Qxc3 29. Qb8+ Kh7 30. Qxb7 Qxc2 31. Rf1 Kg6 32. a4 Qd3 33. Rf3 Qd1+ 34. Kh2 h4 35. Qc7 Qe1 36. Qxc5 Ne4 37. Qe3 Qb1 38. Qd3 1-0

[Event "Mittelfranken-chTB2b 1415"]
[Site "Mittelfranken"]
[Date "2015.04.19"]
[Round "9.4"]
[White "Leis, Stefan"]
[Black "Brunner, Wolfgang"]
[Result "1/2-1/2"]
[WhiteElo "1912"]
[BlackElo "1862"]
[PlyCount "28"]
[EventDate "2014.09.28"]
[EventType "team-tourn"]
[EventRounds "9"]
[EventCountry "GER"]
[SourceTitle "EXT 2020"]
[Source "ChessBase"]
[SourceDate "2019.10.17"]
[SourceVersion "1"]
[SourceVersionDate "2019.10.17"]
[SourceQuality "1"]
[WhiteTeam "Muehlhof/Schwabach"]
[BlackTeam "Neumarkt"]
[WhiteTeamCountry "GER"]
[BlackTeamCountry "GER"]

1. e4 d5 2. d4 dxe4 3. Nc3 Nf6 4. f3 Bf5 5. fxe4 Nxe4 6. Qf3 Nd6 7. Bf4 e6 8. 0-0-0 Nd7 9. g4 Bg6 10. Nge2 Qf6 11. Ng3 Qh4 12. Nb5 Nxb5 13. Bxb5 c6 14. Ba4 Be7 1/2-1/2

[Event "Mittelfranken Mitte-ch"]
[Site "Zirndorf"]
[Date "2015.01.03"]
[Round "2"]
[White "Leis, Stefan"]
[Black "Mantel, Ruben"]
[Result "1/2-1/2"]
[WhiteElo "1904"]
[BlackElo "1749"]
[PlyCount "63"]
[EventDate "2015.01.02"]
[EventType "swiss"]
[EventRounds "7"]
[EventCountry "GE2"]
[SourceTitle "EXT 2018"]
[Source "ChessBase"]
[SourceDate "2017.10.13"]
[SourceVersion "1"]
[SourceVersionDate "2017.10.13"]
[SourceQuality "1"]

1. Nf3 Nf6 2. g3 e6 3. d4 d5 4. c4 dxc4 5. Bg2 Nbd7 6. Nc3 Rb8 7. a4 Bb4 8. 0-0 0-0 9. Nd2 Nb6 10. a5 Nbd5 11. Qc2 b5 12. axb6 Nxb6 13. Rxa7 Qxd4 14. Nf3 Qd8 15. Ne5 Bd7 16. Rd1 Bd6 17. Nc6 Bxc6 18. Bxc6 Qe7 19. Nb5 Nfd5 20. Nd4 Qf6 21. Qe4 Rfd8 22. h4 h6 23. Ra5 c3 24. Rb5 Be5 25. Nf3 cxb2 26. Qxe5 Qxe5 27. Nxe5 Na4 28. Bxb2 Nxb2 29. Rc1 Rxb5 30. Bxb5 Rb8 31. Bc6 f6 32. Nf3 1/2-1/2

[Event "Mittelfranken-chTB2b 1314"]
[Site "Mittelfranken"]
[Date "2013.11.17"]
[Round "2.3"]
[White "Beck, Gerhard"]
[Black "Leis, Stefan"]
[Result "1/2-1/2"]
[WhiteElo "1692"]
[BlackElo "1912"]
[PlyCount "121"]
[EventDate "2013.10.20"]
[EventType "team-tourn"]
[EventRounds "9"]
[EventCountry "GER"]
[SourceTitle "EXT 2020"]
[Source "ChessBase"]
[SourceDate "2019.10.17"]
[SourceVersion "1"]
[SourceVersionDate "2019.10.17"]
[SourceQuality "1"]
[WhiteTeam "Uttenreuth"]
[BlackTeam "Muehlhof/Schwabach"]
[WhiteTeamCountry "GER"]
[BlackTeamCountry "GER"]

1. Nf3 Nf6 2. g3 b5 3. Bg2 Bb7 4. 0-0 e6 5. d3 d5 6. Nbd2 Bd6 7. Re1 0-0 8. e4 dxe4 9. Nxe4 Nxe4 10. dxe4 e5 11. a3 Nd7 12. b4 Nb6 13. Qe2 a6 14. Rb1 Qd7 15. Nd2 Qe6 16. Bf1 Rfd8 17. c4 bxc4 18. Nxc4 Nxc4 19. Qxc4 Bc8 20. Rd1 Qg6 21. Qc2 h5 22. h4 Bg4 23. Be2 a5 24. Bg5 Bxe2 25. Qxe2 f6 26. Bd2 axb4 27. Bxb4 Kh7 28. Bxd6 Rxd6 29. Rxd6 cxd6 30. Ra1 Ra4 31. Qd3 Rd4 32. Qf3 d5 33. exd5 e4 34. Qf4 Rd3 35. Re1 f5 36. Re3 Rxd5 37. Kh2 Rd1 38. Rc3 Rb1 39. Rc5 Rb3 40. Qxf5 Qxf5 41. Rxf5 g6 42. Re5 Rb2 43. Kg2 Ra2 44. Kf1 Kg7 45. Re8 Kf6 46. a4 Kf5 47. Rf8+ Ke5 48. Rg8 Kf5 49. Ra8 e3 50. fxe3 Ke4 51. Rf8 Kxe3 52. Rf4 Kd3 53. Rf6 Rxa4 54. Rxg6 Ke3 55. Kg2 Ra2+ 56. Kh3 Ra8 57. Rg5 Rh8 58. Rf5 Ke4 59. g4 hxg4+ 60. Kxg4 Rxh4+ 61. Kxh4 1/2-1/2

[Event "Mittelfranken-ch"]
[Site "Wachendorf"]
[Date "2013.03.28"]
[Round "5.8"]
[White "Leis, Stefan"]
[Black "Klein, Waldemar"]
[Result "1-0"]
[WhiteElo "2029"]
[BlackElo "1921"]
[PlyCount "71"]
[EventDate "2013.03.26"]
[EventType "swiss"]
[EventRounds "9"]
[EventCountry "GER"]
[SourceTitle "EXT 2022"]
[Source "ChessBase"]
[SourceDate "2021.10.06"]
[SourceVersion "1"]
[SourceVersionDate "2021.10.06"]
[SourceQuality "1"]

1. d4 d6 2. e4 g6 3. Nc3 Bg7 4. Be3 Nc6 5. Qd2 e5 6. dxe5 Nxe5 7. 0-0-0 Be6 8. Kb1 Nf6 9. h3 0-0 10. f4 Nc4 11. Bxc4 Bxc4 12. Nf3 Nd7 13. Bd4 f6 14. h4 h5 15. Rhe1 Re8 16. Qf2 Qc8 17. Qg3 Bf7 18. Nd5 Bxd5 19. exd5 Nf8 20. Rxe8 Qxe8 21. f5 Qe4 22. fxg6 Qxg6 23. Qf4 Nd7 24. Bc3 Re8 25. Qa4 Nc5 26. Qf4 Re4 27. Qd2 Rg4 28. Rg1 Ne4 29. Qe1 Nxc3+ 30. Qxc3 Rxg2 31. Rxg2 Qxg2 32. a4 Qg4 33. Qe3 Qxa4 34. Qe6+ Kh7 35. Qf5+ Kh6 36. Ng5 1-0